| 000 | 00403nam a2200133Ia 4500 | ||
|---|---|---|---|
| 008 | 231129s2008||||xx |||||||||||||| ||spa|| | ||
| 020 | _a978-84-9838-196-2 | ||
| 082 | _a823.91 R884cu | ||
| 100 | _aRowling J.K. | ||
| 245 | 0 | _aLos cuentos de Beedle el bardo | |
| 260 | _c2008 | ||
| 264 | _aBarcelona: Salamandra; London: Childrens High Level Group. | ||
| 942 |
_2ddc _cBKS |
||
| 999 |
_c19588 _d19588 |
||